Ewige Tabelle der UEFA Champions League - Statistiken

Allgemein
  • Dieses Quiz wurde 1.767 mal gespielt
  • Das Durchschnittsergebnis liegt bei 35 aus 44
Antwortstatistiken
# Punkte Nation Verein % Korrekt
2. 783 GER FC Bayern München
100%
1. 973 SPA Real Madrid
100%
3. 683 SPA FC Barcelona
99%
6. 462 ITA AC Mailand
98%
14. 297 GER Borussia Dortmund
98%
5. 528 ENG Manchester United
97%
12. 350 NED Ajax Amsterdam
96%
7. 453 ENG FC Liverpool
96%
8. 418 POR FC Porto
96%
4. 533 ITA Juventus Turin
96%
16. 276 FRA Paris Saint-Germain
96%
10. 360 ITA Inter Mailand
95%
9. 417 POR Benfica Lissabon
94%
17. 250 ENG Manchester City
94%
11. 355 ENG FC Chelsea
92%
15. 296 SPA Atletico Madrid
90%
13. 339 ENG FC Arsenal
90%
20. 223 SCO Celtic Glasgow
87%
21. 210 FRA Olympique Lyon
86%
27. 160 SCO Glasgow Rangers
85%
31. 147 FRA Olympique Marseille
85%
24. 170 TUR Galatasaray Istanbul
83%
19. 229 NED PSV Eindhoven
82%
39. 109 POR Sporting Lissabon
82%
30. 149 GER Bayer Leverkusen
81%
18. 236 UKR Dynamo Kiew
80%
29. 149 ITA AS Rom
78%
34. 131 NED Feyenoord Rotterdam
77%
26. 162 SER Roter Stern Belgrad
76%
41. 104 GER FC Schalke 04
75%
23. 184 SPA FC Valencia
72%
36. 126 BEL FC Club Brügge
71%
40. 107 ITA SSC Neapel
70%
43. 101 SPA FC Sevilla
69%
28. 150 UKR Shakhtar Donezk
66%
42. 102 SUI FC Basel
62%
33. 142 FRA AS Monaco
58%
22. 194 BEL RSC Anderlecht
58%
25. 169 GRE Olympiakos Piräus
54%
35. 127 CZE Sparta Prag
53%
38. 123 BUL ZSKA Sofia
46%
32. 145 GRE Panathinaikos Athen
38%
37. 125 RUS Spartak Moskau
29%
44. 100 SWE IFK Göteborg
27%
Keine übereinstimmenden Quizze gefunden
Verteilung der Resultate
Anzahl Personen mit jedem Resultat
Perzentil nach korrekt beantworteten Fragen
Ihre Resultats-Entwicklung
Sie haben dieses Quiz noch nicht gespielt